LEADER 01471nam a2200277 i 4500 001 000000230481 003 CaOOAMICUS 005 20140610000000.0 008 140610s2014 it u000 u eng u 013 $a209383 020 $a978-88-7839-281-6 040 $aSeMil$bita 100 1 $aDeák, Viktória Hedvig,$c.$0(OLS)http://semarc/name/79428 245 10$aConsilia sapientis amici :$bSaint Thomas Aquinas on the foundation of the evangelical counsels in theological anthropology /$cViktória Hedvig Deák. 260 $aRoma :$bPontificia Università Gregoriana,$c2014. 300 $a447 p. ;$c24 cm. 490 0 $aTesi Gregoriana. Serie Teologia ;$v207 600 04$aTommaso : d'Aquino .$0(OLS)http://semarc/subject/115 650 4$aTommaso : d'Aquino - Pensiero antropologico.$0(OLS)http://semarc/subject/9191 830 0$aTesi Gregoriana. Serie Teologia ;$v207.$0(OLS)http://semarc/title/351 850 $aSeMil 852 $aSeMil$W1$xVenegono$y1$m2M VI 307$j180827$B180827$CSeMilBibl$Z2$F191711 $81 961 $aSottoscrizione: Pontificia Università Gregoriana 996 $6020$a978-88-7839-281-6$9(OLS)http://semarc/number/233293 996 $6245$aConsilia sapientis amici :$bSaint Thomas Aquinas on the foundation of the evangelical counsels in theological anthropology$9(OLS)http://semarc/title/329285 996 $6260$aRoma :$bPontificia Università Gregoriana$9(OLS)http://semarc/publisher/29750 LEADER 00956nam a2200253 i 4500 001 000000187415 003 CaOOAMICUS 005 20160316000000.0 008 160316s1962 it u000 u fre u 013 $a165482 040 $aSeMil$bita 100 1 $aThierry, Jean-Jacques.$0(OLS)http://semarc/name/56965 245 13$aLe Vatican secret /$cJean-Jacques Thierry. 260 $aParis :$bCalmann-Lévy,$ccopyr. 1962. 300 $a229 p. ;$c19 cm. 490 0 $aQuestions d'actualité 500 $aContiene : Chronologie des Papes. 650 4$aCittà del Vaticano.$0(OLS)http://semarc/subject/34711 830 0$aQuestions d'actualité.$0(OLS)http://semarc/title/44750 850 $aSeMil 852 $aSeMil$W1$xVenegono$y1$m3B II 34$j138102$B138102$CSeMilBibl$Z2$F210278 $81 961 $aOmaggio: Altro 996 $6245$aLe Vatican secret$9(OLS)http://semarc/title/269600 996 $6260$aParis :$bCalmann-Lévy$9(OLS)http://semarc/publisher/30214